01184nam a2200301Ia 4500001001200000003000800012006001900020007001500039008004100054020001800095020002200113040002100135035002000156050002300176082001400199100003000213245012400243260004600367300002300413504005100436533015200487650002300639650002400662655002900686700002400715710001700739856012600756ebr10103694CaPaEBRm u cr cn|||||||||040824s2000 enka sb 001 0 eng d z9780198031628 z0195178009 (pbk.) aCaPaEBRcCaPaEBR a(OCoLC)8437437714aQH457b.C58 2000eb04a155.72221 aClark, William R.,d1938-10aAre we hardwired?h[electronic resource] :bthe role of genes in human behavior /cWilliam R. Clark, Michael Grunstein. aOxford :bOxford University Press,c2000. aix, 322 p. :bill. aIncludes bibliographical references and index. aElectronic reproduction.bPalo Alto, Calif. :cebrary,d2009.nAvailable via World Wide Web.nAccess may be limited to ebrary affiliated libraries. 0aBehavior genetics. 0aNature and nurture. 7aElectronic books.2local1 aGrunstein, Michael.2 aebrary, Inc.40uhttp://site.ebrary.com/lib/rucke/Doc?id=10103694zAn electronic book accessible through the World Wide Web; click to view